Κατάλογος Βιβλιοθηκών Mediterranean College

Abnormal Psychology and Modern Life / Tenth Edition (Record no. 2371)

MARC details
000 -LEADER
fixed length control field 01437cam a22002294a 4500
005 - ΗΜΕΡΟΜΗΝΙΑ ΚΑΙ ΩΡΑ ΤΕΛΕΥΤΑΙΑΣ ΕΝΗΜΕΡΩΣΗΣ
Πεδίο ελέγχου 20250605164039.0
008 - FIXED-LENGTH DATA ELEMENTS--GENERAL INFORMATION
Πεδίο ελέγχου σταθερού μήκους 250528s ||||||||||||||||||||||||d
035 ## - SYSTEM CONTROL NUMBER
System control number 16926
020 ## - ISBN
ISBN 673992411
040 ## - ΠΗΓΗ ΚΑΤΑΛΟΓΟΓΡΑΦΗΣΗΣ
Φορέας πρωτότυπης καταλογογράφησης MC Athens Campus Library
Γλώσσα καταλογογράφησης Ελληνικά, Μοντέρνα (1453-)
Modifying agency MC Athens Campus Library
Κανόνες περιγραφικής καταλογογράφησης AACR2
245 1# - ΤΙΤΛΟΣ ΚΑΙ ΔΗΛΩΣΗ ΥΠΕΥΘΥΝΟΤΗΤΑΣ
Τίτλος Abnormal Psychology and Modern Life / Tenth Edition
250 ## - EDITION STATEMENT
Edition statement 10th
260 ## - PUBLICATION, DISTRIBUTION, ETC.
Name of publisher, distributor, etc. Harper Collins College Publishers,
Date of publication, distribution, etc. 1996
300 ## - PHYSICAL DESCRIPTION
Extent 834
520 ## - SUMMARY, ETC.
Summary, etc. Preface, Perspectives on Abnormal Behavior, Historical Views of Abnormal Behavior, Causal Factors and Viewpoints in Abnormal Psychology, Patterns of Abnormal (Maladaptive) Behavior, Stress and Adjustment Disorders, Panic and Anxiety and Their Disorders, Mood Disorders and Suicide, Somatoform and Dissociative Disorders, Psychological Factors and Physical Illness, Personality Disorders, Substance-Related and Other Addictive Disorders, Sexual Variants and Abuse and Dysfunctions, The Schizophrenias and Delusional Disorders, Brain Disorders and Other Cognitive Impairments, Disorders of Childhood and Adolescence, Assessment and Treatment and Prevention, Clinical Assessment, Biologically Based Therapies, Psychologically Based Therapies, Contemporary Issues in Abnormal Psychology, Glossary, References, Acknowledgements, Name and Subject Index.
700 1# - ΠΡΟΣΘΕΤΗ ΑΝΑΓΡΑΦΗ--ΦΥΣΙΚΟ ΠΡΟΣΩΠΟ
Personal name Butcher James N
9 (RLIN) 3025
700 1# - ΠΡΟΣΘΕΤΗ ΑΝΑΓΡΑΦΗ--ΦΥΣΙΚΟ ΠΡΟΣΩΠΟ
Personal name Carson Robert C
9 (RLIN) 3026
700 1# - ΠΡΟΣΘΕΤΗ ΑΝΑΓΡΑΦΗ--ΦΥΣΙΚΟ ΠΡΟΣΩΠΟ
Personal name Mineka Susan
9 (RLIN) 3027
942 ## - ADDED ENTRY ELEMENTS (KOHA)
Koha item type Books
Holdings
Τύπος τεκμηρίου Βιβλιοθήκη Τρέχουσα τοποθεσία Barcode Αριθμός εισαγωγής Ημερομηνία απόκτησης Ταξιθετικό σύμβολο Αριθμός αντιτύπου Κατάσταση απόσυρσης Κατάσταση χαμένου Κατάσταση κατεστραμμένου Μη δανεισμός Σύνολο δανεισμών Ημερομηνία τελευταίας εμφάνισης Η τιμή ισχύει από
Books MC Athens Campus Library MC Athens Campus Library 9780000023704 5584 05/06/2025 616.89 CAR 1           05/06/2025 05/06/2025

MC Athens Campus Library
Πατησίων 94 & Κοδριγκτώνος 13, 104 34
Πελλήνης 8 & Πατησίων 107, 112 51
Τ: +30 210 8899600

MC Thessaloniki Campus Library
Ίωνος Δραγούμη 21, 54625 | Ίωνος Δραγούμη 15, 54625
Τ: +30 2310 287779 – Τ: +30 2314 440300